000 00605nam a2200205 a 4500
001 83657
003 BD-RjUL
005 20240506152550.0
008 240506s1960 enk 00000 eng d
035 _a(BD-RjUL)83657
040 _aANL
_beng
_cANL
_dBD-RjUL
041 _aeng
082 1 _223
_a823.912
_bISW 1960
100 1 _aIsherwood, Christopher,
_d1904-1986.
_9190538
245 1 4 _aThe world in the evening /
_cChristopher Isherwood.
260 _aLondon :
_bLandsborough Publications Ltd.,
_c1960.
300 _a256 p. ;
_c19 cm.
650 _aEnglish fiction
_vAdolescence
_9190540
942 _2ddc
_cBK
999 _c83657
_d83657